[Event "1500-1800"]
[Site "SchemingMind.com"]
[Date "2008.12.17"]
[Round "-"]
[White "Clive Everill"]
[Black "Francisco Aquino"]
[Result "0-1"]
[WhiteCountry "CZE"]
[BlackCountry "BRA"]
[WhiteElo "1637"]
[WhiteRD "49"]
[BlackElo "1795"]
[BlackRD "76"]
[GameID "183971"]

1. e4 e5 2. Nf3 Nc6 3. d4 exd4 4. Nxd4 Nf6 5. Nxc6 bxc6 6. e5 Nd5 7. c4 Nb6 8. a4 Bb4+ 9. Bd2 Qe7 10. Qe2 Ba6
11. b3 O-O 12. g3 Rfe8 13. f4 Rad8 14. Bg2 d5 15. O-O Bc5+ 16. Kh1 f6 17. Bc3 dxc4 18. Bxc6 Rf8 19. Bb5 Bb7+ 20. Rf3 Rd3
21. Nd2 Bxf3+ 22. Nxf3 Rxc3 23. bxc4 Re3 24. Qg2 Rd8 25. a5 Nd7 26. Rd1 fxe5 27. fxe5 Nxe5 28. Rxd8+ Qxd8 29. Nd2 c6 30. Bxc6 Nxc6
31. Qxc6 Re1+ 32. Kg2 Qxd2+ 33. Kh3 Qh6+
0-1

[Event "1500-1800"]
[Site "SchemingMind.com"]
[Date "2008.12.17"]
[Round "-"]
[White "jtrochez1"]
[Black "Clive Everill"]
[Result "0-1"]
[WhiteCountry "HON"]
[BlackCountry "CZE"]
[WhiteElo "1546"]
[WhiteRD "48"]
[BlackElo "1648"]
[BlackRD "49"]
[GameID "183973"]

1. e4 a6 2. d4 b5 3. d5 Bb7 4. c4 b4 5. b3 g6 6. Bb2 f6 7. Nd2 Bg7 8. Ngf3 Nh6 9. h3 O-O 10. Qc2 c6
11. Be2 cxd5 12. exd5 d6 13. O-O-O Qa5 14. Qb1 Nd7 15. g4 f5 16. Bxg7 Kxg7 17. g5 Nf7 18. h4 Nde5 19. Qb2 Kg8 20. Nxe5 Nxe5
21. f4 Nf7 22. h5 e5 23. hxg6 hxg6 24. Bf3 Kg7 25. fxe5 dxe5 26. Rhg1 Rh8 27. d6 Bxf3 28. Nxf3 Rh3 29. Nxe5 Rc3+ 30. Kb1 Qxe5
31. d7 Rd8 32. Ka1 Qe3 33. Qh2 Nxg5 34. Qd6 a5 35. Qd4+ Qxd4 36. Rxd4 Nf3 37. Rxg6+ Kxg6 38. Rd6+ Kf7 39. Kb2 Ke7 40. Ra6 Rxd7
41. a3 Rd2+ 42. Kb1 Rxb3+ 43. Kc1 Rxa3 44. Kb1 Raa2 45. c5 Rdb2+ 46. Kc1 Rh2 47. Kb1 Rae2
0-1

[Event "1500-1800"]
[Site "SchemingMind.com"]
[Date "2008.12.17"]
[Round "-"]
[White "capablanca"]
[Black "Clive Everill"]
[Result "1/2-1/2"]
[WhiteCountry "GER"]
[BlackCountry "CZE"]
[WhiteElo "1710"]
[WhiteRD "58"]
[BlackElo "1637"]
[BlackRD "49"]
[GameID "183974"]

1. e4 c6 2. d4 d5 3. Nc3 dxe4 4. Nxe4 Nf6 5. Bd3 Qd5 6. Nxf6+ exf6 7. Nf3 Bg4 8. c4 Qe6+ 9. Be3 Bb4+ 10. Kf1 O-O
11. a3 Ba5 12. b4 Bc7 13. h3 Bf5 14. Bxf5 Qxf5 15. Ke2 Re8 16. Re1 Nd7 17. Kf1 Nb6 18. Nd2 Rad8 19. Rc1 Bg3 20. Nf3 Bb8
21. Qb3 Re4 22. a4 Rde8 23. a5 Nd7 24. b5 c5 25. d5 b6 26. a6 Ne5 27. Nxe5 Qxe5 28. g3 Qf5 29. Kg2 R4e7 30. Rc3 Be5
31. Rd3 Bd4 32. Re2 Qe4+ 33. Kg1 Qf5 34. Kg2=
1/2-1/2

[Event "1500-1800"]
[Site "SchemingMind.com"]
[Date "2008.12.17"]
[Round "-"]
[White "olivsan"]
[Black "Clive Everill"]
[Result "1/2-1/2"]
[WhiteCountry "BRA"]
[BlackCountry "CZE"]
[WhiteElo "1588"]
[WhiteRD "76"]
[BlackElo "1648"]
[BlackRD "49"]
[GameID "183975"]

1. d4 f5 2. c4 Nf6 3. g3 e6 4. Bg2 Be7 5. Nf3 O-O 6. O-O Ne4 7. Nbd2 d5 8. cxd5 exd5 9. Nxe4 fxe4 10. Nd2 c5
11. dxc5 Bxc5 12. e3 Nc6 13. a3 Bd6 14. f3 exf3 15. Nxf3 Bg4 16. Qxd5+ Kh8 17. b4 Rf5 18. Qd3 Qf6 19. Bd2 Bc7 20. Bc3 Qf7
21. Nh4 Rxf1+ 22. Rxf1 Qe6 23. Bb2 Rd8 24. Qc3 Be5 25. Qc2 Bxb2 26. Qxb2 Qxe3+ 27. Qf2 Qxf2+ 28. Rxf2 Rd1+=
1/2-1/2

[Event "1500-1800"]
[Site "SchemingMind.com"]
[Date "2008.12.17"]
[Round "-"]
[White "Negrito19"]
[Black "Clive Everill"]
[Result "0-1"]
[WhiteCountry "ARG"]
[BlackCountry "CZE"]
[WhiteElo "1612"]
[WhiteRD "58"]
[BlackElo "1637"]
[BlackRD "49"]
[GameID "183977"]

1. e4 c5 2. Nf3 Nc6 3. Bb5 g6 4. Nc3 Bg7 5. d4 cxd4 6. Ne2 e5 7. b3 Qa5+ 8. Bd2 Qxb5 9. O-O Nf6 10. a4 Qb6
11. c4 Nxe4 12. a5 Qc7 13. Qc2 Nxd2 14. Qxd2 O-O 15. Ng5 f6 16. Ne4 d6 17. b4 a6 18. Rfc1 Ne7 19. b5 f5 20. N4g3 Qd8
21. Ra3 Be6 22. f4 Kh8 23. bxa6 Rxa6 24. c5 Nc6 25. cxd6 Qxd6 26. Raa1 e4 27. Qb2 d3 28. Qxb7 dxe2 29. Qxa6 Bxa1 30. Nxe2 Bd4+
31. Kh1 Bd5 32. Nxd4 Qxf4 33. Rf1 Qc7 34. Rc1 Qxa5 35. Qxa5 Nxa5 36. Rc5 Rb8 37. h3 Rb1+ 38. Kh2 Bb7 39. Rxa5 Rb2 40. Kg3 e3
41. Re5 Rxg2+ 42. Kf4 Rf2+ 43. Kxe3 Rb2 44. Re7 Bd5 45. Rd7 Be4 46. Ne6 Rb8 47. h4 h6 48. Kf4 Re8 49. Rd6 Bc2 50. Nc7 Re4+
51. Kf3 Kg7 52. Ne6+ Kf7 53. Nf4= g5 54. hxg5 hxg5 55. Nh5 g4+ 56. Kg3 Re3+ 57. Kf4 Rh3 58. Rf6+ Ke7 59. Kg5 Rxh5+ 60. Kxh5 Kxf6
61. Kh4 Ke5 62. Kg3 Ke4 63. Kh4 Kf3 64. Kg5 g3 65. Kh4 g2 66. Kh3 g1=Q 67. Kh4 Qg4#
0-1

[Event "1500-1800"]
[Site "SchemingMind.com"]
[Date "2008.12.22"]
[Round "-"]
[White "rodk"]
[Black "Clive Everill"]
[Result "1/2-1/2"]
[WhiteCountry "USA"]
[BlackCountry "CZE"]
[WhiteElo "1637"]
[WhiteRD "82"]
[BlackElo "1644"]
[BlackRD "51"]
[GameID "183978"]

1. e4 c6 2. d4 d5 3. e5 Bf5 4. Nf3 h6 5. Nc3 e6 6. g3 Bb4 7. a3 Bxc3+ 8. bxc3 Ne7 9. Bd3 Nd7 10. O-O Bg4
11. c4 Qc7 12. cxd5 Nxd5 13. Bb2 f5 14. exf6 N7xf6 15. Bg6+ Ke7 16. Qd3 Rhf8 17. Ne5 Bf5 18. Bxf5 exf5 19. Ng6+ Kf7 20. Nxf8 Rxf8
21. Qxf5 Kg8 22. Rfe1 Nh7 23. Qe6+ Kh8 24. c4 Nb6 25. Rac1 Ng5 26. Qg4 Nf3+ 27. Kh1 Nxe1 28. Rxe1 Nxc4 29. Re2 Nxb2 30. Rxb2 b6
31. Kg2 Qb7 32. Qe4 Qd7 33. Rc2 Rf6 34. Re2 Rd6 35. Qe8+ Qxe8 36. Rxe8+ Kh7 37. Re4 Rd5 38. f4 Ra5 39. Re3 Rd5 40. Re4 c5
41. dxc5 bxc5 42. Kf3 g5 43. h4 Rd3+ 44. Re3 Rxe3+ 45. Kxe3 gxh4 46. gxh4= Kg6 47. Kd3 Kf5 48. Kc4 Kxf4 49. Kxc5 Kg4 50. a4 Kxh4
51. a5 Kg3 52. Kc6 h5 53. Kb7 h4 54. Kxa7 h3 55. a6 h2 56. Kb8 h1=Q 57. a7 Qb1+ 58. Ka8 Qd1 59. Kb8 Qd8+=
1/2-1/2

[Event "1500-1800"]
[Site "SchemingMind.com"]
[Date "2008.12.17"]
[Round "-"]
[White "kwabena"]
[Black "Clive Everill"]
[Result "0-1"]
[WhiteCountry "ENG"]
[BlackCountry "CZE"]
[WhiteElo "1631"]
[WhiteRD "68"]
[BlackElo "1644"]
[BlackRD "50"]
[GameID "183979"]

1. d4 f5 2. Bf4 Nf6 3. e3 e6 4. Nf3 Be7 5. a3 b6 6. c4 Bb7 7. Be2 O-O 8. Nc3 c5 9. dxc5 Bxc5 10. O-O Nc6
11. b4 Be7 12. Qb3 Nh5 13. Rfd1 Nxf4 14. Bf1 Ng6 15. Rd2 Nce5 16. Nd4 f4 17. e4 f3 18. gxf3 Bh4 19. Bg2 Qg5 20. Raa2 Nf4
21. Kf1 Qxg2+ 22. Ke1 Qg1#
0-1

[Event "1500-1800"]
[Site "SchemingMind.com"]
[Date "2008.12.17"]
[Round "-"]
[White "Francisco Aquino"]
[Black "Clive Everill"]
[Result "1/2-1/2"]
[WhiteCountry "BRA"]
[BlackCountry "CZE"]
[WhiteElo "1764"]
[WhiteRD "73"]
[BlackElo "1644"]
[BlackRD "50"]
[GameID "183980"]

1. e4 c6 2. Nf3 d5 3. exd5 cxd5 4. Bb5+ Nc6 5. O-O Bg4 6. Nc3 e6 7. d4 Nf6 8. Bg5 Be7 9. Re1 O-O 10. Bxc6 bxc6
11. Qd3 Bf5 12. Qd2 Ne4 13. Nxe4 Bxe4 14. Bxe7 Qxe7 15. Ne5 Rfc8 16. f3 Bf5 17. c3 c5 18. Rad1 c4 19. Qf2 h5 20. g4 hxg4
21. fxg4 Bh7 22. Rf1 f6 23. Nf3 f5 24. gxf5 Bxf5 25. Qg3 Rab8 26. Rd2 Rb7=
1/2-1/2